| 000 | 00000nam##2200000za#4500 |
| 001 | 9.565851 |
| 003 | CaOODSP |
| 005 | 20240527135426 |
| 007 | cr ||||||||||| |
| 008 | 150406|2009||||xxc|||||o f|0| 0 eng|d |
| 020 | |a978-1-100-12643-2 |
| 040 | |aCaOODSP|beng |
| 043 | |an-cn--- |
| 086 | 1 |aCW69-5/503E-PDF |
| 110 | 2 |aCanadian Wildlife Service. |
| 245 | 10|aSurveys of Pacific Common Eiders (Somateria mollissima v-nigra) in the Bathurst Inlet area of Nunavut, 2006-2008 / |h[electronic resource]|c[by] Garnet H. Raven and D. Lynne Dickson. |
| 260 | |aEdmonton - Alberta : |bEnvironment Canada. |cc2009. |
| 300 | |a70p.|bfigs., graphs, references, tables |
| 490 | 1 |aCanadian Wildlife Service, technical report series|vNo. 503 |
| 546 | |a(Résumé en français) |
| 590 | |a12-24-Supp|b2012-05-30 |
| 720 | 1 |aDickson, D. Lynne |
| 720 | 1 |aRaven, Garnet H. |
| 776 | 0#|tSurveys of Pacific Common Eiders (Somateria mollissima v-nigra) in the Bathurst Inlet area of Nunavut, 2006-2008 / |w(CaOODSP)9.619316 |
| 830 | #0|aTechnical report series (Canadian Wildlife Service)|vNo. 503|w(CaOODSP)9.504438 |
| 856 | 40|ahttp://publications.gc.ca|qPDF|s2365 KB|uhttps://publications.gc.ca/collections/collection_2011/ec/CW69-5-503-eng.pdf|yNo. 503 |